000 00420 a2200157 4500
001 188971
020 _a85-7340-343-8
040 _cMagnum
100 _aMitsunaga, Marli
240 1 0 _aGuia Ecokids: animias brasileiros ameaçados de extinção
_lpor
245 1 0 _aGuia Ecokids: animias brasileiros ameaçados de extinção
300 _a128
362 0 _a2004
697 _aLITERATURA INFANTO-JUVENIL
942 _cBK
999 _c188971
_d188971